| 000 | 01432nam a2200181 a 4500 | ||
|---|---|---|---|
| 001 | 000038941 | ||
| 005 | 20201002031429.0 | ||
| 008 | 130507s1951 xxuabc e 000 0 eng d | ||
| 040 |
_aDO-SdBNP _beng _cBNPHU |
||
| 082 |
_aR 031 _bE56a |
||
| 245 | 0 | 4 | _aThe encyclopedia americana. |
| 260 |
_aNew York : _bAmericana Corporation, _c1951. |
||
| 300 |
_a30 v. : _bil., map., retr. ; _c25 cm. |
||
| 505 | 0 |
_gv. 1 _tA to Annuals _gv. 2 _tAnnuity to Azzubeydi _gv. 3 _tB to Bird´s Foot _gv. 4 _tBirds of paradise to bulfinch _gv. 5 _tBurgaria to castanos _gv. 6 _tCaste to Civil Law _gv. 7 _tCivil list to Coronium _gv. 8 _tCorot to Deseronto _gv. 9 _tDesert to Egret _gv. 10 _tEgusuiza to Falsetto _gv. 11 _tFalstaff to Francken _gv. 12 _tFranco to Goethals _gv. 13 _tGoethe to Haw _gv. 14 _tHawaii to Index _gv. 15 _tIndia to Jeffers _gv. 16 _tJefferson, Charles E. to Latin _gv. 17 _tLatin america to Lytton _gv. 18 _tM to Mexico _gv. 19 _tMeyer to Naval Rank _gv. 20 _tNaval Reserve to Orleans _gv. 21 _tOrley to Photographic Apparatus _gv. 22 _tPhotography to Pumpkin _gv. 23 _tPums to Russellville _gv. 24 _tRussia to Silius _gv. 25 _tSilk, Artificial to Sulphovinic Acid _gv. 26 _tSulphur to Tramways, Aerial _gv. 27 _tTrance to Venial Sin _gv. 28 _tVenice to Wasmann, Erich _gv. 29 _tWasps to Zymotic Disease _gv. 30 _tIndex |
|
| 650 | 4 |
_aEnciclopedias y diccionarios ingleses _912399 |
|
| 700 | 1 | 2 |
_aMcDannald, Alexander Hopkins _d1877 _eed. _965208 |
| 910 | _aValidado. Control de calidad MFF | ||
| 999 |
_c38431 _d38431 |
||